00359nam a2200133 a 45000010010000000030011000100080041000210350026000620820016000881000021001042450026001252600043001516500031001940000-9344ELIB.Books110520 0000  a(ELIB.Books)0000-9496 a261.1 bPow aPowell Sidney W. aWhere Are The People? bNew York: Abindon- Cokesbury Press c0 aChristian Church - Society